000 00340nam a22001337a 4500
008 170526b xxu||||| |||| 00| 0 eng d
020 _a9780134096407
041 _aeng
080 _24 ED
_a621.3
100 _a25
101 _aIM
245 _aMATANING ELECTRIC MACHINERY AND TRANSFORMER TECNOLOGY
_cRICHARDSON.D.V
942 _2udc
_cBK
999 _c14323
_d14323